000 00295nam a22001337a 4500
008 180122b xxu||||| |||| 00| 0 eng d
020 _a9780316082778
041 _aeng
080 _216th
_a37
100 _a46
101 _aEDU
245 _aFamiliar quotations
_cBartlett,J
942 _2udc
_cBK
999 _c40626
_d40626